Dictionary of the names of freshwater fishes of the USSR : On the languages of the peoples of the USSR and European countries
Kaydedildi:
| Materyal Türü: | Kitap |
|---|---|
| Dil: | Undetermined |
| Baskı/Yayın Bilgisi: |
Leningrad
Publ. House "Nauka"
1972
|
| Konular: | |
| Etiketler: |
Etiketle
Etiket eklenmemiş, İlk siz ekleyin!
|
| Thư viện lưu trữ: | Trung tâm Học liệu Trường Đại học Cần Thơ |
|---|
| LEADER | 00559nam a2200181Ia 4500 | ||
|---|---|---|---|
| 001 | CTU_150288 | ||
| 008 | 210402s9999 xx 000 0 und d | ||
| 082 | |a 597.03 | ||
| 082 | |b A313 | ||
| 245 | 0 | |a Dictionary of the names of freshwater fishes of the USSR : | |
| 245 | 0 | |b On the languages of the peoples of the USSR and European countries | |
| 245 | 0 | |c G. U. Lindberg, A. S. Heard | |
| 260 | |a Leningrad | ||
| 260 | |b Publ. House "Nauka" | ||
| 260 | |c 1972 | ||
| 650 | |a Fishes | ||
| 904 | |i Giang | ||
| 980 | |a Trung tâm Học liệu Trường Đại học Cần Thơ | ||